书目信息 |
| 题名: |
物流信息技术
|
|
| 作者: | 李忠国 主编 | |
| 分册: | ||
| 出版信息: | 北京 化学工业出版社 2016.9 |
|
| 页数: | 269页 | |
| 开本: | 26cm | |
| 丛书名: | ||
| 单 册: | ||
| 中图分类: | F253.9 | |
| 科图分类: | ||
| 主题词: | 物流--信息技术--高等教育--教材 | |
| 电子资源: | ||
| ISBN: | 978-7-122-19073-4 | |
| 000 | 00863nam0 2200253 450 | |
| 001 | 351753 | |
| 005 | 20161017105605.50 | |
| 010 | @a978-7-122-19073-4@dCNY32.00 | |
| 100 | @a20140228d2016 em y0chiy50 ea | |
| 101 | 0 | @achi |
| 102 | @aCN@b110000 | |
| 105 | @aa z 000yy | |
| 106 | @ar | |
| 200 | 1 | @a物流信息技术@f李忠国主编 |
| 205 | @a2版 | |
| 210 | @a北京@c化学工业出版社@d2016.9 | |
| 215 | @a269页@c图,照片@d26cm | |
| 300 | @a北京高等教育精品教材 高职高专物流管理专业“十二五”规划教材 | |
| 330 | @a本书共七个模块,包括物流信息技术与信息系统认知、物流企业内部网络规划与应用、数据采集技术应用、数据转换技术应用、数据存储技术应用、物流动态跟踪技术应用、物流电子商务。 | |
| 606 | 0 | @a物流@x信息技术@x高等教育@j教材 |
| 690 | @aF253.9@v5 | |
| 701 | 0 | @a李忠国@f(1973~)@4主编 |
| 801 | 0 | @aCN@bTANGWEI@c20161009 |
| 905 | @b0896345-9@dF253.9@e248=2@f5 | |
| 物流信息技术/李忠国主编.-2版.-北京:化学工业出版社,2016.9 |
| 269页:图,照片;26cm |
| 北京高等教育精品教材 高职高专物流管理专业“十二五”规划教材 |
| ISBN 978-7-122-19073-4:CNY32.00 |
| 本书共七个模块,包括物流信息技术与信息系统认知、物流企业内部网络规划与应用、数据采集技术应用、数据转换技术应用、数据存储技术应用、物流动态跟踪技术应用、物流电子商务。 |
| ● |
| 相关链接 |
|
|
|
|
正题名:物流信息技术
索取号:F253.9/248=2
 
预约/预借
| 序号 | 登录号 | 条形码 | 馆藏地/架位号 | 状态 | 备注 |
| 1 | 0896345 | 208963451 | 第一样本阅览室/ [索取号:F253.9/248=2] | 在馆 | |
| 2 | 0896346 | 208963460 | 第一借阅区/ [索取号:F253.9/248=2] | 在馆 | |
| 3 | 0896347 | 208963479 | 第一借阅区/ [索取号:F253.9/248=2] | 在馆 | |
| 4 | 0896348 | 208963488 | 第一借阅区/ [索取号:F253.9/248=2] | 在馆 | |
| 5 | 0896349 | 208963497 | 密集书库-海洋学院/ [索取号:F253.9/248=2] | 在馆 |